Can You Name The Top 100 Trackmania Players - Statistics

General Stats
  • This quiz has been taken 70 times
  • The average score is 30 of 100
Answer Stats
Pos Game Region/Country Answer % Correct
1 Germany Granady.
98%
7 Canada CarlJr.
97%
4 Belgium Scrapie98
95%
3 Australia AR_Mudda
94%
5 France/Australia BrenTM
92%
8 UK PacTM
92%
22 Netherlands SpammieJ
81%
12 Canada L1ngo
80%
10 Germany MASSA_
80%
20 Hungary pusztitopako
80%
17 UK Epos.
78%
2 Germany hobbi.
77%
40 Czechia eLconn21
75%
21 Poland mime-
75%
79 Turkey BirdieTM
72%
32 France Binkss.
61%
6 UK LordQuacked
56%
9 Germany AR_Down
53%
19 Europe LOVEMACHINE731
53%
16 Germany Marius89..
53%
18 UK jdon.
48%
50 France Otaaaq
48%
64 France ShcrTM
47%
13 Croatia Razii.
45%
25 Germany NuPrime_TM
42%
23 France Heav.3Y
41%
37 Germany Jxliano
41%
100 Portugal Maniaaaac_
38%
81 Sweden Molle_.
36%
56 France linkTM_
33%
44 UK manskiptruck
33%
45 Germany InfTM
31%
55 Norway Cinxsss
30%
92 Netherlands ComplexStatics_
30%
46 Poland Nalax_tm
30%
62 Norway Andybaguette
28%
86 UK Hendo22_
28%
11 Portugal LimaTM
28%
65 Argentina noiszia
28%
15 Hungary Ricso5
28%
49 Brazil bepeze.
27%
72 Italy iPriMe..
27%
73 New Zealand No1RioluFan
27%
43 Netherlands Pug_TM
25%
24 Europe/UK rq.kreth
25%
69 Usa FlimsyTM
23%
60 Denmark laurids.
23%
14 Netherlands DarkestSentinel
22%
63 Honduras pb.y.d
22%
26 Germany purple_tm
22%
84 France SuperCarlouf
20%
33 Finland twist__
20%
30 Portugal Zypher.TM
20%
82 Netherlands Jortim
19%
52 Norway levonn
19%
94 Spain LokoGz
19%
87 France Nayko.TM
19%
57 Norway Smileyb0b.
19%
91 UK Acrose17
17%
89 Germany h3llomarcTwitch
17%
70 Netherlands Nieqtv
17%
99 Finland Sake-.-
17%
90 Canada Cinn007
16%
28 USA FetherOnSpotify
16%
58 USA Fleu..
14%
29 Czechia Flyer36
14%
27 Czechia RYCHLIK_TM
14%
97 Norway Utenglutenguten
14%
78 Australia KrudeTM
13%
36 USA Wiggity..
13%
34 France chamow
11%
38 Turkey KorkiiTM
11%
96 Turkey Muharrem_TM
11%
48 Netherlands OwlsAreVeryCool
11%
51 France Roquett
11%
39 Netherlands ThijnHD
11%
54 USA bakerman.xd
9%
76 Norway Blavok
9%
68 Norway Ivernom.
9%
42 UK H1R0__
8%
77 France ROtrex..
8%
31 Germany abcol1
6%
74 France D0yle_
6%
41 Norway FlameCasterTM
6%
53 Sweden k477R
6%
61 Hungary querkkid
6%
35 Czechia silverfalcon
6%
83 Russia WalteN.
6%
98 Czechia wata33cz
6%
71 Netherlands yorid12
6%
93 Poland brick555
5%
80 UK Sabian-
5%
75 Canada camiroshan1
3%
95 Germany Flohex
3%
59 USA Justen787
3%
66 France Nath_TM
3%
47 France ShaDenis_
3%
88 USA catcurlyfries13
2%
67 France PunpunQZ
2%
85 France Tannissss
2%
No matching quizzes found
Score Distribution
Percent of People with Each Score
Percentile by Number Answered
Your Score History
You have not taken this quiz